000 00290nam a22001337a 4500
008 190305b xxu||||| |||| 00| 0 eng d
020 _a01985013808
041 _aeng
080 _a521
100 _a42
101 _aAST
245 _aExploring the Universe
_cYoung, L.B
942 _2udc
_cBK
999 _c54515
_d54515